O přirozenosti bohů : tři knihy rozprav věnované Marku Brutovi / Marcus Tullius Cicero ; přeložil, [úvodem a poznámkami opatřil Antonín Kolář]
Record details
- Physical Description: 215 s. : čb. příl., obr.
- Edition: Vyd. 1.
- Publisher: V Praze : Jan Laichter, 1948
Content descriptions
| General Note: | V tomto Ciceronově spise jde o názory na bohy Poznámky na s. 162-[216] Cena uvedena u inv.č. Klf-22/2006 Ex. F2001/744 poříz. za 90.00 Kč |
Search for related items by subject
| Subject: | filozofie náboženství římská filozofie řecká božstva římská antická filozofie řecká filozofie římská božstva římské prameny římské právo |
| Genre: | monografie |
Search for related items by series
Available copies
- 1 of 1 copy available at Common Catalog SPOK.
Holds
- 0 current holds with 1 total copy.
Show Only Available Copies
| Location | Call Number / Copy Notes | Barcode | Shelving Location | Status | Due Date |
|---|---|---|---|---|---|
| Jabok Library | FL-3/Ci | 424480018536 | Odborná literatura | Available | - |
| LDR | 03326cam a22006377a 4500 | ||
|---|---|---|---|
| 001 | 17715 | ||
| 003 | CZ-PrJAB | ||
| 005 | 20130704061731.0 | ||
| 007 | ta | ||
| 008 | 051216s1948 xr |||||r|||||||||||cze|d | ||
| 035 | . | ‡a(CONS)17715 | |
| 035 | . | ‡a(CZ PrCU)000714750 | |
| 040 | . | ‡aABD001 ‡bcze ‡cABD001 ‡dABD001 ‡dABD027 ‡dABD003 ‡dABD064 | |
| 041 | 1 | . | ‡acze ‡hlat |
| 080 | . | ‡a14(37) ‡2MRF | |
| 100 | 1 | . | ‡aCicero, Marcus Tullius, ‡d106-43 př. Kr. ‡7jn19981000486 ‡4aut |
| 240 | 1 | 0. | ‡aDe natura deorum. ‡lČesky |
| 245 | 1 | 0. | ‡aO přirozenosti bohů : ‡btři knihy rozprav věnované Marku Brutovi / ‡cMarcus Tullius Cicero ; přeložil, [úvodem a poznámkami opatřil Antonín Kolář] |
| 250 | . | ‡aVyd. 1. | |
| 260 | . | ‡aV Praze : ‡bJan Laichter, ‡c1948 | |
| 300 | . | ‡a215 s. : ‡bčb. příl., obr. | |
| 490 | 1 | . | ‡aLaichterova filosofická knihovna ; ‡vsv. 35 |
| 500 | . | ‡aV tomto Ciceronově spise jde o názory na bohy | |
| 500 | . | ‡aPoznámky na s. 162-[216] | |
| 500 | . | ‡aCena uvedena u inv.č. Klf-22/2006 | |
| 500 | . | ‡aEx. F2001/744 poříz. za 90.00 Kč | |
| 648 | 7. | ‡a1. stol. př. Kr. ‡7ch460499 ‡2czenas | |
| 650 | 0 | 7. | ‡afilozofie náboženství ‡7ph114544 ‡2czenas |
| 650 | 0 | 4. | ‡ařímská filozofie |
| 650 | 0 | 4. | ‡ařecká božstva |
| 650 | 0 | 7. | ‡ařímská antická filozofie ‡7ph128310 ‡2czenas |
| 650 | 0 | 7. | ‡ařecká filozofie ‡7ph128254 ‡2czenas |
| 650 | 0 | 4. | ‡ařímská božstva |
| 650 | 0 | 4. | ‡ařímské prameny |
| 650 | 0 | 7. | ‡ařímské právo ‡7ph128319 ‡2czenas |
| 655 | 7. | ‡amonografie ‡7fd132842 ‡2czenas | |
| 700 | 1 | . | ‡aKolář, Antonín, ‡d1884-1963 ‡7jk01061222 ‡4trl |
| 830 | 0. | ‡aLaichterova filosofická knihovna (Jan Laichter) | |
| 910 | . | ‡aABG312 | |
| 901 | . | ‡a17715 ‡b ‡c17715 ‡tbiblio | |